<?xml version="1.0" encoding="UTF-8"?><?xml-stylesheet type="text/xsl" href="static/style.xsl"?><OAI-PMH xmlns="http://www.openarchives.org/OAI/2.0/" xmlns:xsi="http://www.w3.org/2001/XMLSchema-instance" xsi:schemaLocation="http://www.openarchives.org/OAI/2.0/ http://www.openarchives.org/OAI/2.0/OAI-PMH.xsd"><responseDate>2026-04-29T02:37:56Z</responseDate><request verb="GetRecord" identifier="oai:repisalud.isciii.es:20.500.12105/23506" metadataPrefix="marc">https://repisalud.isciii.es/rest/oai/request</request><GetRecord><record><header><identifier>oai:repisalud.isciii.es:20.500.12105/23506</identifier><datestamp>2024-11-28T23:43:16Z</datestamp><setSpec>com_20.500.12105_15322</setSpec><setSpec>com_20.500.12105_2051</setSpec><setSpec>col_20.500.12105_16967</setSpec></header><metadata><record xmlns="http://www.loc.gov/MARC21/slim" xmlns:dcterms="http://purl.org/dc/terms/" xmlns:doc="http://www.lyncode.com/xoai" xmlns:xsi="http://www.w3.org/2001/XMLSchema-instance" xsi:schemaLocation="http://www.loc.gov/MARC21/slim http://www.loc.gov/standards/marcxml/schema/MARC21slim.xsd">
   <leader>00925njm 22002777a 4500</leader>
   <datafield ind2=" " ind1=" " tag="042">
      <subfield code="a">dc</subfield>
   </datafield>
   <datafield ind2=" " ind1=" " tag="720">
      <subfield code="a">Lluch-Sanz, Cristina</subfield>
      <subfield code="e">author</subfield>
   </datafield>
   <datafield ind2=" " ind1=" " tag="720">
      <subfield code="a">Galiana, Laura</subfield>
      <subfield code="e">author</subfield>
   </datafield>
   <datafield ind2=" " ind1=" " tag="720">
      <subfield code="a">Vidal-Blanco, Gabriel</subfield>
      <subfield code="e">author</subfield>
   </datafield>
   <datafield ind2=" " ind1=" " tag="720">
      <subfield code="a">Sansé, Noemí</subfield>
      <subfield code="e">author</subfield>
   </datafield>
   <datafield ind2=" " ind1=" " tag="260">
      <subfield code="c">2022-03</subfield>
   </datafield>
   <datafield ind2=" " ind1=" " tag="520">
      <subfield code="a">Self-compassion is a multifaceted construct that represents compassion turned inward and involves approaching one's failure and inadequacy with kindness. To measure these self-compassionate behaviors, the Self-Compassion Scale-Short Form (SCS-SF) is one of the most widely used and has been recurrently employed in the healthcare arena. Specifically, self-compassion has been pointed out as essential for providing compassionate care and maintaining healthcare workers balance. Aim: The aim of this study is twofold: (1) to provide evidence of the psychometric properties of the SCS-SF in a sample of Spanish nurses and (2) to study of its role as a protector of Spanish nurses professional quality of life and well-being during the COVID-19 pandemic. Methods: A sample of 115 Spanish nurses was studied. Mean age was 43.79 years old (SD = 10.99); 84.3% were women. The factorial structure of the SCS-SF was studied with competitive confirmatory factor analysis (CFA). Finally, a full structural equation model was tested, in which positive and negative self-compassion predicted professional quality of life, and professional quality of life, in turn, predicted well-being. Results: Three a priori structures were compared: one-factor, two-factor, and six-factor model. The two-factor solution, positive and negative self-compassion, was retained as the best structure to represent the data. Regarding the predictive model, the two poles of self-compassion predicted professional quality of life prediction, and professional quality of life positively predicted well-being, showing a strong relationship. Conclusion: Self-compassion can be an important resource for nurses' balance, promoting adequate professional quality of life and their well-being.</subfield>
   </datafield>
   <datafield ind1="8" ind2=" " tag="024">
      <subfield code="a">Lluch-Sanz C, Galiana L, Vidal-Blanco G, Sanso N. Psychometric Properties of the Self-Compassion Scale-Short Form: Study of Its Role as a Protector of Spanish Nurses Professional Quality of Life and Well-Being during the COVID-19 Pandemic. Nurs Rep. 2022 Mar;12(1):65-76.</subfield>
   </datafield>
   <datafield ind1="8" ind2=" " tag="024">
      <subfield code="a">2039-439X</subfield>
   </datafield>
   <datafield ind1="8" ind2=" " tag="024">
      <subfield code="a">https://hdl.handle.net/20.500.13003/19784</subfield>
   </datafield>
   <datafield ind1="8" ind2=" " tag="024">
      <subfield code="a">https://hdl.handle.net/20.500.12105/23506</subfield>
   </datafield>
   <datafield ind1="8" ind2=" " tag="024">
      <subfield code="a">35225894</subfield>
   </datafield>
   <datafield ind1="8" ind2=" " tag="024">
      <subfield code="a">10.3390/nursrep12010008</subfield>
   </datafield>
   <datafield ind1="8" ind2=" " tag="024">
      <subfield code="a">2039-4403</subfield>
   </datafield>
   <datafield ind1="8" ind2=" " tag="024">
      <subfield code="a">Nursing Reports</subfield>
   </datafield>
   <datafield ind1="8" ind2=" " tag="024">
      <subfield code="a">774716600001</subfield>
   </datafield>
   <datafield tag="653" ind2=" " ind1=" ">
      <subfield code="a">Self-compassion</subfield>
   </datafield>
   <datafield tag="653" ind2=" " ind1=" ">
      <subfield code="a">Compassion satisfaction</subfield>
   </datafield>
   <datafield tag="653" ind2=" " ind1=" ">
      <subfield code="a">Compassion fatigue</subfield>
   </datafield>
   <datafield tag="653" ind2=" " ind1=" ">
      <subfield code="a">Burnout</subfield>
   </datafield>
   <datafield tag="653" ind2=" " ind1=" ">
      <subfield code="a">Well-being</subfield>
   </datafield>
   <datafield tag="653" ind2=" " ind1=" ">
      <subfield code="a">Nurses</subfield>
   </datafield>
   <datafield ind2="0" ind1="0" tag="245">
      <subfield code="a">Psychometric Properties of the Self-Compassion Scale-Short Form: Study of Its Role as a Protector of Spanish Nurses Professional Quality of Life and Well-Being during the COVID-19 Pandemic</subfield>
   </datafield>
</record></metadata></record></GetRecord></OAI-PMH>